Implementácia integrovaného manažérskeho systému vo vybranom podniku diplomová práca

Salvato in:
Dettagli Bibliografici
Autore principale: Bačik, Marek
Ente Autore: Podnikovohospodárska fakulta EU so sídlom v Košiciach. Katedra manažmentu
Altri autori: Szaryszová, Petra, 1984-
Natura: Libro
Lingua:slovacco
Pubblicazione: Košice 2015
Tags: Aggiungi Tag
Nessun Tag, puoi essere il primo ad aggiungerne!!

MARC

LEADER 00000nbm a2200000 4500
001 0202127
005 20161212094336.9
041 0 |a slo 
044 |a SK 
245 1 0 |a Implementácia integrovaného manažérskeho systému vo vybranom podniku  |b diplomová práca  |c Marek Bačik ; školiteľ: Petra Szaryszová 
264 1 |a Košice  |c 2015 
300 |a 82 s. 
100 1 |a Bačik, Marek 
700 1 |a Szaryszová, Petra, 1984- 
710 2 |a Podnikovohospodárska fakulta EU so sídlom v Košiciach. Katedra manažmentu